000 00756nam a2200241Ia 4500
003 GCL
008 140319s9999 xx 000 0 ara d
020 _a7285232977
040 _aGCL /
_cGCL
082 0 4 _a155.22
_bس س
100 1 _aسناء محمد سليمان
245 1 0 _aسيكولوجية الفروق الفردية وقياسها /
_cسناء محمد سليمان
250 _aالاولى
260 _aالقاهرة :
_bعالم الكتب ،
_c2006
300 _a416 ص ؛
_c24 سم
650 0 4 _aالانفعالات النفسية
650 0 4 _aالذكاء
650 0 4 _aعلم نفس الفروق
650 0 4 _aالقدرة العقلية
650 0 4 _aضعاف العقول
650 0 4 _aالمزاج
942 _2ddc
_cBK
999 _c9745
_d9745